Využitie informácií z portálu otvorených dát pri riadení podniku bakalárska práca

Gespeichert in:
Bibliographische Detailangaben
1. Verfasser: Pekná, Michaela
Körperschaft: Fakulta podnikového manažmentu EU. Katedra informačného manažmentu
Weitere Verfasser: Hamranová, Anna, 1957-
Format: Buch
Sprache:Slowakisch
Veröffentlicht: Bratislava 2018
Tags: Tag hinzufügen
Keine Tags, Fügen Sie das erste Tag hinzu!

MARC

LEADER 00000nbm a2200000 4500
001 0244824
005 20180921143920.9
041 0 |a slo 
044 |a SK 
245 1 0 |a Využitie informácií z portálu otvorených dát pri riadení podniku  |b bakalárska práca  |c Michaela Pekná ; školiteľ: Anna Hamranová 
264 1 |a Bratislava  |c 2018 
300 |a 53 s. 
100 1 |a Pekná, Michaela 
700 1 |a Hamranová, Anna, 1957- 
710 2 |a Fakulta podnikového manažmentu EU. Katedra informačného manažmentu